header

KISWAHILIKWA KIDATO CHA3 (Record no. 252117)

MARC details
000 -LEADER
fixed length control field 00249nam a22001097a 4500
020 ## - INTERNATIONAL STANDARD BOOK NUMBER
ISBN 9966445552
100 ## - MAIN ENTRY--AUTHOR NAME
Personal name KLB
245 ## - TITLE STATEMENT
Title KISWAHILIKWA KIDATO CHA3
250 ## - EDITION STATEMENT
Edition statement TOLEO LA TATU
260 ## - PUBLICATION, DISTRIBUTION, ETC. (IMPRINT)
Place of publication NAIROBI
Name of publisher KENYA LITERATURE BUREAU
Year of publication 2007
942 ## - ADDED ENTRY ELEMENTS (KOHA)
Koha item type Long Loan Books

No items available.

© 2026 Rongo University
Contact us: librarian | system librarian | Rongo university